Baby Dolphin's busy day / (Record no. 608)

MARC details
000 -LEADER
fixed length control field 01089nam a22003377a 4500
005 - DATE AND TIME OF LATEST TRANSACTION
control field 20230627094209.0
020 ## - INTERNATIONAL STANDARD BOOK NUMBER
International Standard Book Number 9781592497454 (case bound bk.)
040 ## - CATALOGING SOURCE
Original cataloging agency DLC
Transcribing agency DLC
Modifying agency DLC
Language of cataloging eng
050 00 - LIBRARY OF CONGRESS CALL NUMBER
Classification number PZ10.3.G153
Item number Bad 2007
082 00 - DEWEY DECIMAL CLASSIFICATION NUMBER
Classification number [E]
Edition number 22
100 1# - MAIN ENTRY--PERSONAL NAME
Personal name Galvin, Laura Gates,
Dates associated with a name 1963-
245 10 - TITLE STATEMENT
Title Baby Dolphin's busy day /
Statement of responsibility, etc. [by Laura Gates Galvin].
260 ## - PUBLICATION, DISTRIBUTION, ETC.
Place of publication, distribution, etc. Norwalk, Conn. :
Name of publisher, distributor, etc. Soundprints,
Date of publication, distribution, etc. 2008.
300 ## - PHYSICAL DESCRIPTION
Extent 16 unnumbered pages :
Other physical details color illustrations ;
Dimensions 19 cm.
490 0# - SERIES STATEMENT
Series statement Baby animals
500 ## - GENERAL NOTE
General note Cover title.
500 ## - GENERAL NOTE
General note "Smithsonian Institution."--Cover.
505 ## - FORMATTED CONTENTS NOTE
Formatted contents note F <br/>
520 ## - SUMMARY, ETC.
Summary, etc. A mother dolphin teaches her baby how to swim on his back, find food, and jump.
521 ## - TARGET AUDIENCE NOTE
Target audience note 370 <br/>
Source Lexile <br/>
521 ## - TARGET AUDIENCE NOTE
Target audience note F <br/>
Source Raz-Plus <br/>
650 #0 - SUBJECT ADDED ENTRY--TOPICAL TERM
Topical term or geographic name entry element Dolphins
Form subdivision Non Fiction.
650 #0 - SUBJECT ADDED ENTRY--TOPICAL TERM
Topical term or geographic name entry element Board books.
650 #1 - SUBJECT ADDED ENTRY--TOPICAL TERM
Topical term or geographic name entry element Dolphins
Form subdivision Non Fiction.
650 #1 - SUBJECT ADDED ENTRY--TOPICAL TERM
Topical term or geographic name entry element Animals
General subdivision Infancy
Form subdivision Non Fiction.
650 #1 - SUBJECT ADDED ENTRY--TOPICAL TERM
Topical term or geographic name entry element Board books.
906 ## - LOCAL DATA ELEMENT F, LDF (RLIN)
a 7
b cbc
c orignew
d 1
e ecip
f 20
g y-gencatlg
942 ## - ADDED ENTRY ELEMENTS (KOHA)
Source of classification or shelving scheme Dewey Decimal Classification
Koha item type Books
Suppress in OPAC No
999 ## -
-- 608
-- 608
Holdings
Withdrawn status Lost status Source of classification or shelving scheme Damaged status Not for loan Collection Home library Current library Shelving location Date acquired Total Checkouts Full call number Barcode Date due Date last seen Date last checked out Price effective from Koha item type
    Dewey Decimal Classification     Non-Fiction Footprints International School Library Network Toul Kork Campus Footprints International School Library Network Toul Kork Campus TK Primary Library Room(4th Floor), Bookcase 7, Shelves 57-60, Dark Green Books 06/26/2023 5 GAL PZ7.G14228 FISTK02860 03/26/2026 03/12/2026 03/12/2026 06/26/2023 Books